Principles of Instructional Design /
Salvato in:
| Altri autori: | |
|---|---|
| Natura: | Libro |
| Lingua: | inglese |
| Pubblicazione: |
Belmont, EUA :
Wadsworth,
2005, c2005
|
| Edizione: | 5a edición |
| Soggetti: | |
| Tags: |
Nessun Tag, puoi essere il primo ad aggiungerne!!
|
MARC
| LEADER | 00000nam^a2200000^a^4500 | ||
|---|---|---|---|
| 001 | 000180912 | ||
| 005 | 20250521000000.0 | ||
| 009 | 20260526130153.552 | ||
| 020 | |a 0-534-58284-2 | ||
| 037 | |a Acervo ITESO - Biblioteca | ||
| 041 | |a ING | ||
| 082 | |a 371. 1 |b PLA | ||
| 240 | 1 | 4 | |a [La planificación de la enseñanza] |
| 245 | 0 | 0 | |a Principles of Instructional Design / |c R.M. Gagné... [et al.]. |
| 250 | |a 5a edición | ||
| 264 | 4 | |a Belmont, EUA : |b Wadsworth, |c 2005, c2005 | |
| 300 | |a XVII, 387 p. | ||
| 336 | |a texto |b txt |2 rdacontenido | ||
| 337 | |a sin mediación |b n |2 rdamedio | ||
| 338 | |a volumen |b nc |2 rdasoporte | ||
| 649 | |a XX | ||
| 650 | |a Planeación Educativa | ||
| 650 | |a Aprendizaje | ||
| 650 | |a Competencias de Información | ||
| 650 | |a Competencias (Educación) | ||
| 650 | |a Psicología Cognitiva | ||
| 650 | |a Evaluación Educativa | ||
| 650 | |a Proceso Educativo | ||
| 650 | |a Diseño y Revisión Curricular | ||
| 650 | |a Currículo | ||
| 650 | |a Psicología Educativa | ||
| 650 | |a Educación | ||
| 700 | |a Gagné, Robert M. |e (autor) | ||
| 910 | |a Fondo General | ||
| 920 | |a Impresos - Libros | ||
| 930 | |a Colección General | ||
| 905 | |a 101 | ||
| 901 | |a 0500120407 |b IT1 |c ACC |u 20250521 | ||
| 902 | |a https://opac.biblio.iteso.mx/vufind/Record/000180912 | ||